000 00447nam a2200169Ia 4500
008 230718s9999 xx 000 0 und d
020 _a9789351191506
041 _aeng
082 _a005.74
_bHOL
100 _aHolmes A.
_9112534
245 _aHadoop In Practice
260 _c2013
_bManning / Dreamtech
300 _a511
365 _cRs.
_b699.00
700 _aHolmes A.
_9112534
906 _dO:0400808-Jul-2014B:374510-Apr-2014
_cCOMP
_b174.75
999 _c336804
_d336804